000
00282nam a22001337a 4500
008
170420b xxu||||| |||| 00| 0 eng d
020
_a
2900495013937
041
_a
eng
080
_2
2ND
_a
573
100
_a
11
101
_a
SHM
245
_a
PLANT BIOLOGY
_c
ROST
942
_2
udc
_c
BK
999
_c
11339
_d
11339